00787nam a2200229Ia 4500003000900000008004100009020001900050040001600069080001600085100002800101245008800129260003800217300001500255650004600270650003000316650003100346650002200377650001900399942000700418999001500425952011700440IN-BaIIA211028s9999 xx 000 0 eng d a978-0471686842 cIIA Library a621.38bPHI aPhillips, Leon F.94796 0aElectronics for experimenters in chemistry, physics and biologycLeon F. Phillips  aNew YorkbJohn Wiley & Sonsc1966 axii, 266p. aElectronic apparatus and appliances93922 aElectronic circuits92136 aElectronic equipment93162 aElectronics91576 aNASA Thesaurus cBK c2684d2684 00104070aBANbBANcGENd1966-12-07g46.00l0o621.38/ PHIp2995r2021-11-05v46.00w1966-12-07yBKGRs. 46.00